The MGM girls: (Record no. 8822)

MARC details
000 -LEADER
fixed length control field 00685nam a2200253 i 4500
001 - CONTROL NUMBER
control field C2-0071474
003 - CONTROL NUMBER IDENTIFIER
control field PPAK
005 - DATE AND TIME OF LATEST TRANSACTION
control field 20190630222156.0
008 - FIXED-LENGTH DATA ELEMENTS--GENERAL INFORMATION
fixed length control field 970429s1984 enka|||| ||||| | eng d
020 ## - INTERNATIONAL STANDARD BOOK NUMBER
International Standard Book Number 0245542205
040 ## - CATALOGING SOURCE
Original cataloging agency PPAK
Language of cataloging eng
Transcribing agency PPAK
Description conventions rda
082 04 - DEWEY DECIMAL CLASSIFICATION NUMBER
Classification number 791.43028
Edition number 23
090 00 - LOCALLY ASSIGNED LC-TYPE CALL NUMBER (OCLC); LOCAL CALL NUMBER (RLIN)
Classification number (OCLC) (R) ; Classification number, CALL (RLIN) (NR) 791.43028
Feature heading BRO
Feature heading G
Classification number (OCLC) (R) ; Classification number, CALL (RLIN) (NR) 791.43028
Feature heading BRO
Feature heading R
100 1# - MAIN ENTRY--PERSONAL NAME
Personal name Brown, Peter Harry,
Relator term author
245 14 - TITLE STATEMENT
Title The MGM girls:
Remainder of title behind the velvet
264 #1 - PRODUCTION, PUBLICATION, DISTRIBUTION, MANUFACTURE, AND COPYRIGHT NOTICE
Place of production, publication, distribution, manufacture London :
Name of producer, publisher, distributor, manufacturer Harrap ,
Date of production, publication, distribution, manufacture, or copyright notice 1984
300 ## - PHYSICAL DESCRIPTION
Extent xvi, 288 pages :
Other physical details illustrations ;
Dimensions 25 cm
336 ## - CONTENT TYPE
Source rdacontent
Content type term text
337 ## - MEDIA TYPE
Source rdamedia
Media type term unmediated
338 ## - CARRIER TYPE
Source rdacarrier
Carrier type term volume
700 ## - ADDED ENTRY--PERSONAL NAME
Relator term author
942 ## - ADDED ENTRY ELEMENTS (KOHA)
-- dc
Koha item type Book
Holdings
Withdrawn Not for loan Current library Shelving location Date acquired Full call number Barcode Date last seen Koha item type
    Perpustakaan Alor Setar Pinjaman Dewasa 03/08/1997 791.43028 BRO A00042837 08/05/2018 Book
  Not For Loan Perpustakaan Alor Setar Rujukan Dewasa 13/07/1998 R 791.43028 BRO A00109202 08/05/2018 Book
    Perpustakaan Kulim Pinjaman Dewasa 12/12/2003 791.43028 BRO A00339545 08/05/2018 Book
    Perpustakaan Kulim Pinjaman Dewasa 12/12/2003 791.43028 BRO A00322335 08/05/2018 Book
  Not For Loan Perpustakaan Kulim Rujukan Dewasa 28/03/2004 R 791.43028 BRO A00343603 08/05/2018 Book